[Event "Baku Open 2011"]
[Site "Baku AZE"]
[Date "2011.08.08"]
[Round "3"]
[White "Sutovsky, Emil"]
[Black "Mchedlishvili, Mikheil"]
[Result "0-1"]
[WhiteElo "2700"]
[BlackElo "2618"]
[PlyCount "100"]
[EventDate "2011.??.??"]

1. e4 c5 2. Nf3 Nc6 3. Bb5 d6 4. O-O Bd7 5. Re1 Nf6 6. c3 a6 7. Bc4 b5 8. Bf1
Bg4 9. a4 b4 10. d4 cxd4 11. cxd4 e6 12. d5 Ne5 13. Qb3 Bxf3 14. gxf3 exd5 15.
f4 Ng6 16. f5 Ne5 17. f4 Qb6+ 18. Be3 Nf3+ 19. Kf2 d4 20. Kxf3 dxe3 21. a5 Qb7
22. Qxe3 Nd7 23. Bc4 Rc8 24. Bd5 Qb5 25. Nd2 Be7 26. Nb3 Nc5 27. Nxc5 Rxc5 28.
Qd4 Bf6 29. e5 O-O 30. Rad1 dxe5 31. fxe5 Rd8 32. exf6 Rcxd5 33. Qg4 g6 34.
Rxd5 Rxd5 35. fxg6 Rf5+ 36. Kg3 hxg6 37. Qe4 Kh7 38. Qh4+ Rh5 39. Qf4 Rg5+ 40.
Kh4 Rf5 41. Qd4 Rh5+ 42. Kg3 Qg5+ 43. Qg4 Qxf6 44. h4 Qxb2 45. Rf1 Kg7 46. Rf3
Rb5 47. Re3 Qf6 48. Qc4 Qd6+ 49. Kh3 Rxa5 50. Qb3 Ra3 0-1

[Event "Baku Open 2011"]
[Site "Baku AZE"]
[Date "2011.08.08"]
[Round "3"]
[White "Cheparinov, Ivan"]
[Black "Vallejo Pons, Francisco"]
[Result "1-0"]
[WhiteElo "2669"]
[BlackElo "2724"]
[PlyCount "85"]
[EventDate "2011.??.??"]

1. d4 Nf6 2. c4 e6 3. g3 c5 4. d5 exd5 5. cxd5 d6 6. Nc3 g6 7. Bg2 Bg7 8. Nf3
O-O 9. O-O Re8 10. Bf4 a6 11. a4 Nh5 12. Bg5 Qc7 13. Re1 Nd7 14. a5 Rb8 15. Qc2
b5 16. axb6 Qxb6 17. Ra2 h6 18. Bd2 Nhf6 19. h3 c4 20. Qc1 Nc5 21. Bxh6 Bxh6
22. Qxh6 Nce4 23. e3 Nxc3 24. bxc3 Qb3 25. Raa1 Qxc3 26. Qf4 Nxd5 27. Qxd6 Bb7
28. Rac1 Qb4 29. Qxb4 Nxb4 30. Rxc4 Nd3 31. Rf1 Bxf3 32. Bxf3 Ne5 33. Rf4 Red8
34. Be2 Rb2 35. Bxa6 Ra8 36. Bc4 g5 37. Re4 Nf3+ 38. Kg2 Nd2 39. Rg4 Kf8 40.
Rd1 Re8 41. Bd5 Nb1 42. Rxg5 Rxe3 43. Rxb1 1-0

[Event "Baku Open 2011"]
[Site "Baku AZE"]
[Date "2011.08.08"]
[Round "3"]
[White "Mamedyarov, Shakhriyar"]
[Black "Guliev, Sarhan"]
[Result "1-0"]
[WhiteElo "2765"]
[BlackElo "2458"]
[PlyCount "27"]
[EventDate "2011.??.??"]

1. d4 f5 2. Bg5 Nf6 3. Nd2 b6 4. f3 Bb7 5. e4 fxe4 6. fxe4 Nxe4 7. Nxe4 Bxe4 8.
Bd3 Bxd3 9. Qxd3 Qc8 10. Nf3 Qa6 11. c4 Nc6 12. O-O d5 13. Qf5 dxc4 14. Qd5 1-0

[Event "Baku Open 2011"]
[Site "Baku AZE"]
[Date "2011.08.08"]
[Round "3"]
[White "Romanov, Evgeny"]
[Black "Dreev, Aleksey"]
[Result "1-0"]
[WhiteElo "2624"]
[BlackElo "2711"]
[PlyCount "107"]
[EventDate "2011.??.??"]

1. e4 c6 2. d4 d5 3. exd5 cxd5 4. Bd3 Nc6 5. c3 Qc7 6. h3 g6 7. Nf3 Bg7 8. O-O
Nf6 9. Re1 O-O 10. Na3 Bf5 11. Bf1 Rab8 12. Ne5 Ne4 13. Nd3 Rbd8 14. Bf4 Qb6
15. Qb3 Qxb3 16. axb3 f6 17. b4 e5 18. Be3 exd4 19. cxd4 Nd6 20. b5 Bxd3 21.
Bxd3 Na5 22. Nc2 Nac4 23. Rxa7 Nxb2 24. Bf1 Nbc4 25. Nb4 f5 26. Nxd5 Nxe3 27.
fxe3 f4 28. Nc7 fxe3 29. Ne6 Rde8 30. Nxf8 e2 31. Ne6 Rxe6 32. Ra8+ Kf7 33.
Rxe2 Bxd4+ 34. Kh2 Be5+ 35. Kh1 Nf5 36. Rf2 Kg7 37. g4 Ne3 38. Rd8 Re7 39. Rd3
Bc7 40. Re2 Bf4 41. Bg2 Rc7 42. Re1 Nc4 43. Red1 Nb6 44. h4 Rc5 45. Rf1 g5 46.
hxg5 Bxg5 47. Rf5 Rc1+ 48. Kh2 h6 49. Bxb7 Rc2+ 50. Kg3 Be7 51. Bc6 Nc4 52. Rd7
Re2 53. Bd5 Nd6 54. Kf3 1-0

[Event "Russian SuperFinal 2011"]
[Site "Moscow RUS"]
[Date "2011.08.08"]
[Round "1"]
[White "Karjakin, Sergey"]
[Black "Morozevich, Alexander"]
[Result "1/2-1/2"]
[WhiteElo "2788"]
[BlackElo "2694"]
[PlyCount "81"]
[EventDate "2011.08.08"]

1. e4 c6 2. d4 d5 3. e5 Bf5 4. Nf3 e6 5. Be2 c5 6. Be3 Ne7 7. dxc5 Nd7 8. c3
Nc6 9. Nd4 Bxc5 10. O-O O-O 11. Nxf5 exf5 12. Qxd5 Bxe3 13. e6 Qb6 14. Qxd7
Qxb2 15. exf7+ Kh8 16. fxe3 Qxe2 17. Qxb7 Ne5 18. Na3 Qxe3+ 19. Kh1 Ng4 20. Qf3
Qe5 21. Qf4 Rxf7 22. h3 Qxf4 23. Rxf4 Ne3 24. Re1 Nd5 25. Rf3 g6 26. Re5 Nf6
27. Nb5 Rd7 28. Nd4 Ne4 29. Ra5 Rb8 30. Kh2 Rb1 31. h4 Rc1 32. h5 Kg7 33. Ra6
Rxc3 34. Ne6+ Kh6 35. hxg6 hxg6 36. Rxc3 Nxc3 37. Nf8 Rg7 38. Ra3 Rc7 39. Ra6
Rg7 40. Ra3 Rc7 41. Ra6 1/2-1/2

[Event "Russian SuperFinal 2011"]
[Site "Moscow RUS"]
[Date "2011.08.08"]
[Round "1"]
[White "Grischuk, Alexander"]
[Black "Nepomniachtchi, Ian"]
[Result "1/2-1/2"]
[WhiteElo "2746"]
[BlackElo "2711"]
[PlyCount "80"]
[EventDate "2011.08.08"]

1. d4 Nf6 2. c4 g6 3. Nc3 d5 4. cxd5 Nxd5 5. e4 Nxc3 6. bxc3 Bg7 7. Bc4 c5 8.
Ne2 Nc6 9. Be3 O-O 10. O-O Qc7 11. Rc1 Rd8 12. Bf4 Qd7 13. dxc5 Qe8 14. Bd5 Ne5
15. Nd4 e6 16. Bb3 Qe7 17. Be3 b6 18. cxb6 Ba6 19. c4 Qb7 20. Qe2 axb6 21. Nb5
Nc6 22. f3 Bxb5 23. cxb5 Nd4 24. Qf2 Nxb3 25. axb3 Rd3 26. Bxb6 Qd7 27. Kh1
Qxb5 28. Qe2 Rxb3 29. Qxb5 Rxb5 30. Bg1 h5 31. Rc2 g5 32. Rc5 Rxc5 33. Bxc5 Ra2
34. Kg1 Kh7 35. Rf2 Ra5 36. Be3 Ra3 37. Re2 Kg6 38. Kf2 Be5 39. h3 Rb3 40. Rc2
Rb2 1/2-1/2

[Event "Baku Open 2011"]
[Site "Baku AZE"]
[Date "2011.08.09"]
[Round "4"]
[White "Guliev, Logman"]
[Black "Sutovsky, Emil"]
[Result "0-1"]
[WhiteElo "2458"]
[BlackElo "2700"]
[PlyCount "58"]
[EventDate "2011.??.??"]

1. e4 c5 2. Nf3 d6 3. d4 cxd4 4. Nxd4 Nf6 5. Nc3 a6 6. Bg5 Nbd7 7. f4 e5 8. Nf5
Qb6 9. Qd2 Qxb2 10. Rb1 Qa3 11. Rb3 Qa5 12. Nxd6+ Bxd6 13. Qxd6 exf4 14. Bxf6
Nxf6 15. Bd3 Be6 16. Ra3 Qd8 17. Qxd8+ Rxd8 18. Rf1 g5 19. g3 Bh3 20. Rg1 f3
21. Kf2 Bg2 22. Rb1 h5 23. Rxb7 Ng4+ 24. Kg1 h4 25. gxh4 Rxh4 26. Nd5 Rxd5 27.
Rxa6 Rxh2 28. Ra8+ Rd8 29. Bb5+ Kf8 0-1

[Event "Baku Open 2011"]
[Site "Baku AZE"]
[Date "2011.08.09"]
[Round "4"]
[White "Vallejo Pons, Francisco"]
[Black "Bajarani, Ulvi"]
[Result "1-0"]
[WhiteElo "2724"]
[BlackElo "2424"]
[PlyCount "101"]
[EventDate "2011.??.??"]

1. e4 c5 2. Ne2 d6 3. g3 Nc6 4. Bg2 g6 5. c3 Bg7 6. d4 cxd4 7. cxd4 Nf6 8. Nbc3
O-O 9. O-O Nd7 10. Bg5 Nb6 11. b3 Bg4 12. Qd2 d5 13. e5 f6 14. exf6 exf6 15.
Be3 Be6 16. Nf4 Bf7 17. Nd3 Nc8 18. Nc5 b6 19. Na6 Qd7 20. Nb5 N8e7 21. Bf4 g5
22. Bd6 Rac8 23. Ba3 Nb8 24. Nxb8 Rxb8 25. Rac1 Qxb5 26. Bxe7 Rfe8 27. Rc7 Qa6
28. Bh3 Rb7 29. Rfc1 Rxe7 30. Bc8 Qxa2 31. Qxa2 Rbxc7 32. Rxc7 Rxc7 33. Bf5 Bf8
34. Qb1 Kg7 35. Bxh7 Rc3 36. Bf5 a5 37. Qd1 Ba3 38. Kg2 b5 39. h4 gxh4 40. Qg4+
Kf8 41. Qxh4 Ke7 42. Qh7 Ke8 43. Bg6 Bxg6 44. Qxg6+ Ke7 45. Qg7+ Ke6 46. Qg8+
Ke7 47. Qxd5 b4 48. Qxa5 Rxb3 49. Qc5+ Ke8 50. Qc8+ Ke7 51. d5 1-0

[Event "Baku Open 2011"]
[Site "Baku AZE"]
[Date "2011.08.09"]
[Round "4"]
[White "Mamedyarov, Shakhriyar"]
[Black "Romanov, Evgeny"]
[Result "1/2-1/2"]
[WhiteElo "2765"]
[BlackElo "2624"]
[PlyCount "69"]
[EventDate "2011.??.??"]

1. d4 Nf6 2. c4 c5 3. d5 g6 4. Nc3 Bg7 5. e4 d6 6. Be2 O-O 7. g4 e6 8. g5 Ne8
9. h4 Nc7 10. Bf4 exd5 11. exd5 Re8 12. Kf1 b5 13. cxb5 a6 14. a4 axb5 15. axb5
Rxa1 16. Qxa1 Bb7 17. Rh3 Nxd5 18. Nxd5 Bxd5 19. Rd3 Bd4 20. Be3 Bc4 21. Ra3
Bxe2+ 22. Nxe2 Qb6 23. Bxd4 cxd4 24. Rb3 Qc5 25. Qd1 Nd7 26. b6 Qd5 27. Rd3
Qh1+ 28. Ng1 Qxh4 29. Qa4 Qe4 30. Rxd4 Qe1+ 31. Kg2 Nxb6 32. Qc6 Nc8 33. Nf3
Qe6 34. b4 Rd8 35. b5 1/2-1/2

[Event "Baku Open 2011"]
[Site "Baku AZE"]
[Date "2011.08.09"]
[Round "4"]
[White "Dreev, Aleksey"]
[Black "Zhukova, Natalia"]
[Result "1-0"]
[WhiteElo "2711"]
[BlackElo "2413"]
[PlyCount "63"]
[EventDate "2011.??.??"]

1. d4 d5 2. c4 e6 3. Nc3 c6 4. Nf3 Nf6 5. Bg5 h6 6. Bxf6 Qxf6 7. g3 Nd7 8. Bg2
Qd8 9. O-O Be7 10. e4 dxe4 11. Nxe4 O-O 12. Re1 b6 13. d5 exd5 14. cxd5 Bb7 15.
d6 Bf6 16. Nxf6+ Qxf6 17. Re7 Rad8 18. Qd4 Ba8 19. Rd1 Qf5 20. Qa4 Qc5 21. b4
Qh5 22. Qxa7 Nf6 23. Qxb6 Nd5 24. Qc5 Qg6 25. Ne5 Qxd6 26. Qxd6 Rxd6 27. a3
Rdd8 28. Ra7 f6 29. Nc4 Rfe8 30. b5 Kh7 31. b6 Rb8 32. Nd6 1-0

[Event "Baku Open 2011"]
[Site "Baku AZE"]
[Date "2011.08.09"]
[Round "4"]
[White "Andreikin, Dmitry"]
[Black "Dominguez Perez, Leinier"]
[Result "1-0"]
[WhiteElo "2696"]
[BlackElo "2719"]
[PlyCount "57"]
[EventDate "2011.??.??"]

1. e4 c5 2. Nc3 d6 3. f4 Nc6 4. Nf3 g6 5. Bb5 Bd7 6. O-O Bg7 7. d3 a6 8. Bxc6
Bxc6 9. Qe1 Qd7 10. Kh1 b5 11. f5 b4 12. Ne2 gxf5 13. Ng3 fxe4 14. dxe4 O-O-O
15. a3 b3 16. cxb3 Nf6 17. b4 h5 18. Bg5 h4 19. Bxh4 Qg4 20. bxc5 Rxh4 21. cxd6
Rhh8 22. dxe7 Rd7 23. Rc1 Rc7 24. Nf5 Ne8 25. Qa5 Qxe4 26. Qxa6+ Kb8 27. Rfd1
Bd7 28. Rxc7 Nxc7 29. Qb6+ 1-0

[Event "Russian SuperFinal 2011"]
[Site "Moscow RUS"]
[Date "2011.08.09"]
[Round "2"]
[White "Nepomniachtchi, Ian"]
[Black "Galkin, Alexander"]
[Result "1/2-1/2"]
[WhiteElo "2711"]
[BlackElo "2598"]
[PlyCount "147"]
[EventDate "2011.08.08"]

1. d4 d5 2. c4 e6 3. Nf3 Nf6 4. Nc3 c5 5. cxd5 Nxd5 6. e4 Nxc3 7. bxc3 cxd4 8.
cxd4 Bb4+ 9. Bd2 Bxd2+ 10. Qxd2 O-O 11. Bc4 Nd7 12. O-O b6 13. Rad1 Bb7 14. Qf4
Rc8 15. Bd3 Qf6 16. Qg3 Qg6 17. Qh4 Qf6 18. Qh3 Qf4 19. d5 Nc5 20. Bb1 h6 21.
Rd4 exd5 22. exd5 Qf6 23. Qg3 Rcd8 24. Rfd1 Rfe8 25. h4 Rd7 26. h5 Rde7 27. Kh2
Re2 28. Rf4 Qb2 29. Nd4 Ne4 30. Bxe4 R2xe4 31. d6 Rxf4 32. Qxf4 Rd8 33. Rd3 Qb4
34. Rg3 Qxd6 35. Rxg7+ Kh8 36. Rxf7 Qxf4+ 37. Rxf4 a5 38. Ne6 Rg8 39. f3 Bd5
40. Rf6 Kh7 41. Nf8+ Kg7 42. Nd7 Bxa2 43. Rg6+ Kf7 44. Rxb6 Ra8 45. Rxh6 a4 46.
Rh7+ Ke6 47. Nc5+ Ke5 48. Re7+ Kf6 49. Re1 a3 50. g4 Bf7 51. Ne4+ Kg7 52. Nc3
a2 53. Nxa2 Rxa2+ 54. Kg3 Ra3 55. Re7 Kf6 56. Re4 Ra1 57. Rf4+ Kg7 58. Rf5 Ra4
59. f4 Ra1 60. Kh4 Rg1 61. Rc5 Bb3 62. Rc7+ Kf6 63. Rc6+ Kf7 64. h6 Bd1 65.
Rc7+ Kg8 66. g5 Rg4+ 67. Kh5 Rxf4+ 68. Kg6 Bg4 69. h7+ Kh8 70. Kh6 Bf5 71. g6
Rh4+ 72. Kg5 Rg4+ 73. Kxf5 Rxg6 74. Kxg6 1/2-1/2

[Event "Russian SuperFinal 2011"]
[Site "Moscow RUS"]
[Date "2011.08.09"]
[Round "2"]
[White "Morozevich, Alexander"]
[Black "Grischuk, Alexander"]
[Result "1-0"]
[WhiteElo "2694"]
[BlackElo "2746"]
[PlyCount "85"]
[EventDate "2011.08.08"]

1. d4 d5 2. c4 e6 3. Nc3 Be7 4. cxd5 exd5 5. Bf4 c6 6. e3 Bf5 7. h3 Nd7 8. Nf3
Qb6 9. Qe2 Ngf6 10. g4 Bg6 11. Nh4 Qa5 12. Bg2 Ne4 13. Nxg6 Nxc3 14. Qd2 hxg6
15. bxc3 Nb6 16. O-O Nc4 17. Qe2 O-O 18. e4 Bd6 19. e5 Ba3 20. Rab1 Qxc3 21.
Rfd1 b5 22. Rb3 Qa5 23. g5 Rfe8 24. h4 Bf8 25. h5 gxh5 26. Qxh5 g6 27. Qh4 Qxa2
28. Rh3 Bg7 29. Qh7+ Kf8 30. Rf3 Qe2 31. Rdd3 Re6 32. Bg3 a5 33. Bf1 Qe4 34.
Rf4 Qxf4 35. Bxf4 a4 36. Rd1 a3 37. Bxc4 dxc4 38. Bd2 Ra4 39. Be3 Re7 40. d5 a2
41. d6 Rd7 42. Bd4 b4 43. Qxg7+ 1-0

[Event "Russian SuperFinal 2011"]
[Site "Moscow RUS"]
[Date "2011.08.10"]
[Round "3"]
[White "Karjakin, Sergey"]
[Black "Kramnik, V."]
[Result "1-0"]
[WhiteElo "2788"]
[BlackElo "2781"]
[PlyCount "117"]
[EventDate "2011.08.08"]

1. e4 e5 2. Nf3 Nc6 3. Bb5 Nf6 4. O-O Nxe4 5. d4 Nd6 6. Bxc6 dxc6 7. dxe5 Nf5
8. Qxd8+ Kxd8 9. Nc3 Bd7 10. h3 b6 11. a4 a5 12. g4 Ne7 13. Ng5 Be8 14. f4 h6
15. Nf3 g6 16. b3 Kc8 17. Bb2 Bg7 18. Ne4 c5 19. Ng3 Rg8 20. Kh2 Bd7 21. c4 Kb7
22. Rad1 Rad8 23. Rd3 Bc8 24. Rfd1 Rxd3 25. Rxd3 Re8 26. Ne4 Nc6 27. Kg3 Kb8
28. Bc3 Rd8 29. Rxd8 Nxd8 30. e6 Nxe6 31. Bxg7 Nxg7 32. Ne5 f5 33. Nf6 g5 34.
Nc6+ Kb7 35. Nd8+ Kb8 36. Nc6+ Kb7 37. Nd8+ Kb8 38. fxg5 hxg5 39. Nh7 c6 40.
Nxg5 Kc7 41. Ndf7 b5 42. Kf4 fxg4 43. hxg4 Ne6+ 44. Nxe6+ Bxe6 45. Ne5 Kd6 46.
g5 bxa4 47. bxa4 Ke7 48. Nxc6+ Kd6 49. Nxa5 Kc7 50. Ke5 Bg8 51. Nb3 Bxc4 52.
Nxc5 Kb6 53. Ne4 Bb3 54. Nc3 Bc2 55. Kf6 Kc5 56. g6 Kb4 57. g7 Bb3 58. Ne4 Bg8
59. Ke7 1-0

[Event "Russian SuperFinal 2011"]
[Site "Moscow RUS"]
[Date "2011.08.10"]
[Round "3"]
[White "Grischuk, A."]
[Black "Svidler, P."]
[Result "1/2-1/2"]
[WhiteElo "2746"]
[BlackElo "2739"]
[PlyCount "82"]
[EventDate "2011.08.08"]

1. c4 c6 2. d4 d5 3. Nf3 Nf6 4. Nc3 dxc4 5. a4 e6 6. e3 c5 7. Bxc4 cxd4 8. exd4
Be7 9. O-O O-O 10. Re1 Nc6 11. Bg5 Bd7 12. Qe2 Re8 13. h4 h6 14. Bf4 Nb4 15.
Ne5 Nbd5 16. Nxd5 exd5 17. Bd3 Bb4 18. Red1 Rc8 19. Qf3 Be6 20. Rac1 Rxc1 21.
Rxc1 Qb6 22. Qd1 Bd6 23. b3 a6 24. Be3 Qb4 25. Bb1 Rc8 26. Rxc8+ Bxc8 27. Kf1
Ne4 28. Bxe4 dxe4 29. Nc4 Bf8 30. d5 h5 31. Qc2 Bf5 32. Bf4 b5 33. Ne3 bxa4 34.
bxa4 Bd7 35. Kg1 Bc5 36. Kh2 Bxa4 37. Qe2 Bd6 38. Bxd6 Qxd6+ 39. Kg1 Bd7 40.
Qxh5 a5 41. Qg5 f6 1/2-1/2

[Event "Russian SuperFinal 2011"]
[Site "Moscow RUS"]
[Date "2011.08.10"]
[Round "3"]
[White "Galkin, A."]
[Black "Morozevich, A."]
[Result "1/2-1/2"]
[WhiteElo "2598"]
[BlackElo "2694"]
[PlyCount "64"]
[EventDate "2011.08.08"]

1. Nf3 d5 2. d4 Nf6 3. Bf4 Bg4 4. e3 e6 5. h3 Bxf3 6. Qxf3 Bd6 7. Nd2 Bxf4 8.
Qxf4 O-O 9. Be2 Nbd7 10. O-O c5 11. dxc5 Nxc5 12. Qb4 Qc7 13. c4 Rfd8 14. Nf3
Rac8 15. Rac1 a5 16. Qa3 Nce4 17. b3 Qb6 18. Qb2 dxc4 19. Bxc4 h6 20. Rc2 Nd6
21. Rfc1 Nxc4 22. Rxc4 Rxc4 23. Rxc4 Nd5 24. Qd4 Qxd4 25. Nxd4 Kf8 26. Kf1 Ke8
27. Ke2 Nb6 28. Rc7 Rd7 29. Rc5 Rd5 30. Rc7 Rd7 31. Rc5 Rd5 32. Rc7 Rd7 1/2-1/2

[Event "Russian SuperFinal 2011"]
[Site "Moscow RUS"]
[Date "2011.08.10"]
[Round "3"]
[White "Timofeev, Arty"]
[Black "Nepomniachtchi, I."]
[Result "1/2-1/2"]
[WhiteElo "2665"]
[BlackElo "2711"]
[PlyCount "108"]
[EventDate "2011.08.08"]

1. d4 Nf6 2. c4 g6 3. Nc3 d5 4. cxd5 Nxd5 5. e4 Nxc3 6. bxc3 Bg7 7. Bg5 c5 8.
Rc1 Qa5 9. Qd2 cxd4 10. cxd4 Qxd2+ 11. Kxd2 O-O 12. Nf3 e6 13. Bb5 a6 14. Ba4
b5 15. Bb3 a5 16. Rc5 a4 17. Bc2 Bd7 18. Rc7 f6 19. Be3 Rd8 20. Rb1 Na6 21. Rb7
Rab8 22. Ra7 Ra8 23. Rb7 Rab8 24. Ra7 Bc8 25. Bd3 Rd7 26. d5 exd5 27. exd5 f5
28. Rxb5 Rxb5 29. Bxb5 Rxd5+ 30. Nd4 Bxd4 31. Bc4 Bxa7+ 32. Bxd5+ Kf8 33. Bxa7
Ke7 34. Bc4 Kd6 35. Bb5 Bb7 36. g3 Nb4 37. a3 Bc6 38. Bc4 Nd5 39. Kd3 Nf6 40.
Kc3 g5 41. f4 gxf4 42. gxf4 Bd5 43. Bd3 Be4 44. Be2 Bg2 45. Kd4 Ng4 46. h4 Nh2
47. h5 Bf3 48. Bxf3 Nxf3+ 49. Kc4 Nd2+ 50. Kb4 h6 51. Bf2 Kc6 52. Kxa4 Ne4 53.
Bd4 Ng3 54. Bg7 Nxh5 1/2-1/2

[Event "Baku Open 2011"]
[Site "Baku AZE"]
[Date "2011.08.10"]
[Round "5"]
[White "Romanov, E."]
[Black "Andreikin, D."]
[Result "1-0"]
[WhiteElo "2624"]
[BlackElo "2696"]
[PlyCount "63"]
[EventDate "2011.08.06"]

1. c4 e5 2. g3 Nc6 3. Bg2 g6 4. Nc3 Bg7 5. e4 d6 6. Nge2 h5 7. h3 h4 8. g4 f5
9. gxf5 gxf5 10. Rg1 f4 11. d4 Nge7 12. Bf3 Rg8 13. c5 Kf8 14. Bh5 Bh8 15. Qb3
Rxg1+ 16. Nxg1 d5 17. Nge2 exd4 18. Nxd5 Nxd5 19. Nxf4 Ne5 20. Nxd5 c6 21. Nf4
Qa5+ 22. Bd2 Qb5 23. Ng6+ Nxg6 24. Qf3+ Kg8 25. Bxg6 Be6 26. Qh5 Bg7 27. Qh7+
Kf8 28. Bh6 Qa5+ 29. b4 Qc7 30. Qh8+ Bg8 31. Bh7 Qf7 32. Bxg8 1-0

[Event "Baku Open 2011"]
[Site "Baku AZE"]
[Date "2011.08.10"]
[Round "5"]
[White "Volkov, Sergey1"]
[Black "Vallejo Pons, F."]
[Result "1/2-1/2"]
[WhiteElo "2607"]
[BlackElo "2724"]
[PlyCount "38"]
[EventDate "2011.08.06"]

1. d4 Nf6 2. c4 e6 3. Nc3 Bb4 4. f3 c5 5. d5 b5 6. e4 O-O 7. Nge2 bxc4 8. Bg5
h6 9. Bh4 d6 10. dxe6 Bxe6 11. Nf4 g5 12. Nxe6 fxe6 13. Bf2 d5 14. Qc2 Nbd7 15.
exd5 exd5 16. O-O-O Bxc3 17. Qxc3 Rb8 18. h4 g4 19. Be3 Rf7 1/2-1/2

[Event "Baku Open 2011"]
[Site "Baku AZE"]
[Date "2011.08.10"]
[Round "5"]
[White "Dominguez Perez, L."]
[Black "Quparadze, G."]
[Result "1-0"]
[WhiteElo "2719"]
[BlackElo "2467"]
[PlyCount "85"]
[EventDate "2011.08.06"]

1. c4 Nf6 2. g3 e6 3. Bg2 d5 4. Nf3 Be7 5. O-O O-O 6. b3 c5 7. Bb2 b6 8. e3 Bb7
9. Nc3 dxc4 10. bxc4 Nc6 11. Qe2 Rc8 12. Rac1 Qc7 13. d4 Na5 14. Nb5 Qb8 15. d5
exd5 16. Be5 Qa8 17. cxd5 Bxd5 18. Nc7 Qb7 19. Nxd5 Qxd5 20. Bc3 Ne4 21. Bxa5
bxa5 22. Rfd1 Qe6 23. Nd2 Nxd2 24. Qxd2 Rfd8 25. Bd5 Qa6 26. e4 h6 27. Rc2 c4
28. Qe2 Rc5 29. Rd4 Rdc8 30. Rdxc4 Qb6 31. Rxc5 Rxc5 32. Rb2 Qd6 33. Qh5 g6 34.
Qxh6 Bf8 35. Qe3 Rc7 36. Kg2 Kh7 37. Rb5 Bh6 38. Qb3 Bd2 39. Bxf7 Qf6 40. Bd5
Rc3 41. Rb7+ Kh6 42. Qd1 Bg5 43. Qg4 1-0

[Event "Baku Open 2011"]
[Site "Baku AZE"]
[Date "2011.08.10"]
[Round "5"]
[White "Sutovsky, E."]
[Black "Iordachescu, V."]
[Result "1/2-1/2"]
[WhiteElo "2700"]
[BlackElo "2646"]
[PlyCount "80"]
[EventDate "2011.08.06"]

1. e4 e5 2. Nf3 Nc6 3. Bb5 Nf6 4. O-O Nxe4 5. d4 Nd6 6. Bxc6 dxc6 7. dxe5 Nf5
8. Qxd8+ Kxd8 9. h3 Ke8 10. Nc3 Be6 11. g4 Ne7 12. Nd4 Bd7 13. f4 h5 14. f5
hxg4 15. hxg4 Rh4 16. Rf4 Nd5 17. Nxd5 cxd5 18. Nf3 Rh8 19. Bd2 a5 20. Re1 Ra6
21. g5 Rh5 22. Bc3 Bc5+ 23. Kg2 d4 24. Bd2 Bb4 25. c3 dxc3 26. bxc3 Be7 27. f6
Bf8 28. g6 Be6 29. Rd4 c5 30. fxg7 Bxg7 31. gxf7+ Bxf7 32. Rd6 Rf5 33. Rxa6
bxa6 34. e6 Bh5 35. Ng5 Bf6 36. Rf1 Bg6 37. Rxf5 Bxf5 38. Kf3 Be7 39. a3 Kd8
40. Kf4 Bxg5+ 1/2-1/2

[Event "Baku Open 2011"]
[Site "Baku AZE"]
[Date "2011.08.10"]
[Round "5"]
[White "Safarli, E."]
[Black "Mamedyarov, S."]
[Result "1/2-1/2"]
[WhiteElo "2622"]
[BlackElo "2765"]
[PlyCount "46"]
[EventDate "2011.08.06"]

1. e4 e6 2. d4 d5 3. exd5 exd5 4. Nf3 Nc6 5. Bb5 Bd6 6. O-O Nge7 7. Re1 O-O 8.
h3 Bf5 9. c3 Qd7 10. Ne5 Bxe5 11. Rxe5 a6 12. Bxc6 Nxc6 13. Re1 Rae8 14. Rxe8
Rxe8 15. Bf4 f6 16. Nd2 g5 17. Bg3 Kg7 18. Nf1 Ne7 19. Qb3 c6 20. Re1 Kf7 21.
Nd2 h5 22. f3 Bd3 23. Ne4 Bxe4 1/2-1/2

[Event "Baku Open 2011"]
[Site "Baku AZE"]
[Date "2011.08.10"]
[Round "5"]
[White "Sanikidze, T."]
[Black "Dreev, A."]
[Result "1/2-1/2"]
[WhiteElo "2525"]
[BlackElo "2711"]
[PlyCount "88"]
[EventDate "2011.08.06"]

1. d4 d5 2. c4 c6 3. Nf3 Nf6 4. cxd5 cxd5 5. Nc3 Nc6 6. Bf4 e6 7. e3 Bd6 8.
Bxd6 Qxd6 9. Bd3 O-O 10. O-O Bd7 11. Rc1 Rac8 12. h3 a6 13. a3 Rc7 14. Qe2 Rfc8
15. Rc2 Be8 16. Rfc1 Na5 17. Na2 Nd7 18. Rxc7 Rxc7 19. Rxc7 Qxc7 20. Qd2 f6 21.
Qb4 Nb8 22. Nd2 Bg6 23. Bxg6 hxg6 24. Nb3 Nbc6 25. Qc3 Nxb3 26. Qxb3 Na5 27.
Qb4 Kf7 28. Nc3 Nc4 29. Na4 Nd6 30. Qc5 Qxc5 31. Nxc5 b6 32. Nxa6 Nc4 33. b3
Nxa3 34. Kf1 Nc2 35. Ke2 Na1 36. Nc7 Nxb3 37. Na8 b5 38. Nc7 b4 39. Na6 Nc1+
40. Kd2 Na2 41. Kc2 e5 42. Kb3 Nc1+ 43. Kc2 Na2 44. Kb3 Nc1+ 1/2-1/2

[Event "Baku Open 2011"]
[Site "Baku AZE"]
[Date "2011.08.10"]
[Round "5"]
[White "Zhigalko, S."]
[Black "Bruzon Batista, L."]
[Result "1-0"]
[WhiteElo "2689"]
[BlackElo "2673"]
[PlyCount "91"]
[EventDate "2011.08.06"]

1. e4 e5 2. Nf3 Nc6 3. Bb5 a6 4. Ba4 Nf6 5. O-O Be7 6. Re1 b5 7. Bb3 d6 8. c3
O-O 9. h3 Nb8 10. d4 Nbd7 11. Nbd2 Bb7 12. Bc2 Re8 13. Nf1 Bf8 14. Ng3 g6 15.
a4 Bg7 16. Bd3 c6 17. Be3 Qc7 18. dxe5 dxe5 19. c4 bxa4 20. c5 Nd5 21. exd5
cxd5 22. Bc2 d4 23. Bxa4 dxe3 24. Qxd7 exf2+ 25. Kxf2 Qxc5+ 26. Kf1 Qb6 27. Qd3
e4 28. Nxe4 a5 29. Nd6 Ba6 30. Nc4 Qb4 31. Rxe8+ Rxe8 32. b3 Rc8 33. Rc1 Qa3
34. Qc2 Qb4 35. Qd3 Qa3 36. Rc2 Qa1+ 37. Kf2 Bf8 38. Qd5 Rc5 39. Qd4 Qb1 40.
Qd2 Bh6 41. Qd8+ Bf8 42. Qd2 Bh6 43. Rb2 Qa1 44. Qxh6 Bxc4 45. Rd2 Qf1+ 46. Kg3
1-0

[Event "Baku Open 2011"]
[Site "Baku AZE"]
[Date "2011.08.11"]
[Round "6"]
[White "Zhigalko, S."]
[Black "Romanov, E."]
[Result "1/2-1/2"]
[WhiteElo "2689"]
[BlackElo "2624"]
[PlyCount "58"]
[EventDate "2011.08.06"]

1. e4 g6 2. d4 Bg7 3. Nc3 a6 4. h4 h6 5. h5 g5 6. f4 gxf4 7. Bxf4 d6 8. Qd2 Nd7
9. Nf3 e6 10. O-O-O Qe7 11. Kb1 Nb6 12. a4 Bd7 13. a5 Nc8 14. Re1 Qf8 15. g4
Nce7 16. e5 d5 17. Bd3 Nc6 18. Na2 O-O-O 19. Rhf1 Na7 20. Re2 Bb5 21. Ref2 Ne7
22. Nh4 Qg8 23. Be3 Rf8 24. g5 Bxd3 25. cxd3 Qh7 26. Qd1 Qg8 27. Rg2 Qh7 28.
Rgf2 Qg8 29. Rg2 Qh7 1/2-1/2

[Event "Baku Open 2011"]
[Site "Baku AZE"]
[Date "2011.08.11"]
[Round "6"]
[White "Maghalashvili, Da"]
[Black "Sutovsky, E."]
[Result "0-1"]
[WhiteElo "2463"]
[BlackElo "2700"]
[PlyCount "142"]
[EventDate "2011.08.06"]

1. d4 Nf6 2. c4 g6 3. Nf3 Bg7 4. g3 O-O 5. Bg2 d6 6. O-O Bf5 7. Nc3 Nc6 8. Ne1
Na5 9. e4 Bg4 10. f3 Bd7 11. Qe2 c5 12. dxc5 dxc5 13. Nc2 Ne8 14. e5 Bf5 15.
Rd1 Qc8 16. Ne3 Bxe5 17. Ned5 Qe6 18. Be3 Bxc3 19. bxc3 Nf6 20. g4 Bc2 21. Re1
Nxc4 22. Nxf6+ exf6 23. Bxc5 Qxe2 24. Rxe2 Bd3 25. Re7 b6 26. Bd4 Rfe8 27. Rd7
Re6 28. f4 Be4 29. f5 Ree8 30. fxg6 hxg6 31. Bxf6 Bxg2 32. Kxg2 Re2+ 33. Kg1
Rae8 34. Rd3 Ne3 35. g5 Ng4 36. Bd4 Rxh2 37. Rg3 Rh4 38. a4 Ne5 39. a5 bxa5 40.
Rxa5 Nc6 41. Ra6 Nxd4 42. cxd4 Re7 43. Rd6 Rf4 44. Kg2 Ree4 45. Ra6 Re7 46. Rd6
a5 47. Rd5 a4 48. Ra3 Ra7 49. Kg3 Rf1 50. Rb5 Kg7 51. d5 Rf5 52. Kh4 Ra8 53.
Kg4 Rh8 54. Rxa4 Rh5 55. Rd4 Rhxg5+ 56. Kh3 Rf2 57. Rb8 Rff5 58. Rd8 Rf3+ 59.
Kh2 Rf2+ 60. Kh3 Rf3+ 61. Kh2 Rgg3 62. Rd7 g5 63. Rc7 Rh3+ 64. Kg2 Re3 65. Kf2
Rd3 66. Rcc4 Rh2+ 67. Kg1 Rhd2 68. Rxd3 Rxd3 69. Rc5 Kf6 70. Kf2 Ke5 71. d6+
Kf6 0-1

[Event "Baku Open 2011"]
[Site "Baku AZE"]
[Date "2011.08.11"]
[Round "6"]
[White "Mchedlishvili, M."]
[Black "Mamedyarov, S."]
[Result "1/2-1/2"]
[WhiteElo "2618"]
[BlackElo "2765"]
[PlyCount "47"]
[EventDate "2011.08.06"]

1. d4 d5 2. Nf3 Nf6 3. c4 c6 4. e3 Bf5 5. Nc3 e6 6. Nh4 Be4 7. f3 Bg6 8. Qb3
Qc7 9. Bd2 Be7 10. Rc1 Nbd7 11. cxd5 Nxd5 12. Nxg6 hxg6 13. g3 a5 14. Kf2 Nxc3
15. bxc3 a4 16. Qb1 e5 17. Kg2 Rd8 18. e4 Qd6 19. Be3 Qe6 20. Rd1 Nf6 21. Bf2
O-O 22. Be2 b5 23. Qc2 a3 24. Rd2 1/2-1/2